| 000 | 00567nam a2200157 u 4500 | ||
|---|---|---|---|
| 001 | 000003055 | ||
| 005 | 20240528191003.0 | ||
| 008 | 090706s2002 dr a r 000 0 spa d | ||
| 040 |
_aDO-SdBNP _bspa _cBNPHU |
||
| 082 |
_aB213d _bxxx |
||
| 110 | 2 |
_aBanco Interamericano de Desarrollo _99655 |
|
| 245 | 1 | 0 |
_aDirectorio de establecimientos de alojamiento : _bmetodología y resultados. |
| 260 |
_aRepública Dominicana : _bBanco Central de la República Dominicana _bSecretaría de Estado de Turismo, _c2002. |
||
| 300 |
_a132 p. : _bil. ; _c28 cm. |
||
| 500 | _aIncluye índice | ||
| 999 |
_c2886 _d2886 |
||